Central Library OPAC University of Rajshahi

Teorie ergodiche : (Record no. 72860)

MARC details
000 -LEADER
fixed length control field 01544nam a2200337 a 4500
001 - CONTROL NUMBER
control field 72860
003 - CONTROL NUMBER IDENTIFIER
rucl marc code BD-RjUL
005 - DATE AND TIME OF LATEST TRANSACTION
control field 20211209082322.0
008 - FIXED-LENGTH DATA ELEMENTS--GENERAL INFORMATION
fixed length control field 170524s1961 nyua b 100 0 eng d
035 ## - SYSTEM CONTROL NUMBER
System control number (BD-RjUL)73078
040 ## - CATALOGING SOURCE
Original cataloging agency LC
Language of cataloging eng
Transcribing agency LC
Modifying agency BD-RjUL
041 ## - LANGUAGE CODE
Language code of text/sound track or separate title eng
082 04 - DEWEY DECIMAL CLASSIFICATION NUMBER
Edition number 23
Classification number 530.13
Author mark and year INT 1961
111 2# - MAIN ENTRY--MEETING NAME
Meeting name or jurisdiction name as entry element International School of Physics "Enrico Fermi"
Date of meeting (1960 :
Location of meeting Varenna, Italy)
9 (RLIN) 223489
245 10 - TITLE STATEMENT
Title Teorie ergodiche :
Remainder of title rendiconti della Scuola internazionale di fisica "Enrico Fermi", XIV corso, Varenna sul Lago di Como, Villa Monastero, 23-31 maggio 1960 = Ergodic theories : proceedings of the international school of physics "Enrico Fermi", XIV course, Varenna on Lake Como, Villa Monastero, May 23 - May 31 1960 /
Statement of responsibility, etc. edited by P. Caldirola.
246 3# - VARYING FORM OF TITLE
Title proper/short title Teorie ergodiche
260 ## - PUBLICATION, DISTRIBUTION, ETC. (IMPRINT)
Place of publication, distribution, etc. New York :
Name of publisher, distributor, etc. Academic Press,
Date of publication, distribution, etc. c1961.
300 ## - PHYSICAL DESCRIPTION
Pagination xi, 241 p. :
Illustrations ill. ;
Size 25 cm.
490 0# - SERIES STATEMENT
Series statement Proceedings of the International School of Physics "Enrico Fermi ;
Volume/sequential designation course 14.
500 ## - GENERAL NOTE
General note At head of title: Italian Physical Society.
General note Title on added t.p.: Teorie ergodiche.
General note Course held May 23-31, 1960.
504 ## - BIBLIOGRAPHY, ETC. NOTE
Bibliography, etc Includes bibliographical references.
650 #0 - SUBJECT ADDED ENTRY--TOPICAL TERM
Topical term or geographic name as entry element Statistical mechanics.
9 (RLIN) 215514
Topical term or geographic name as entry element Ergodic theory.
9 (RLIN) 215515
700 1# - ADDED ENTRY--PERSONAL NAME
Personal name Caldirola, Piero,
Dates associated with a name 1914-
710 2# - ADDED ENTRY--CORPORATE NAME
Corporate name or jurisdiction name as entry element Societ�a italiana di fisica
9 (RLIN) 215517
830 ## - SERIES ADDED ENTRY--UNIFORM TITLE
Uniform title Proceedings of the International School of Physics "Enrico Fermi ;
Volume number/sequential designation course 14.
942 ## - ADDED ENTRY ELEMENTS (KOHA)
Source of classification or shelving scheme Dewey Decimal Classification
Koha item type Books
Holdings
Lost status Source of classification or shelving scheme Damaged status Not for loan Collection code Permanent Location Current Location Shelving location Date acquired Source of acquisition Cost, normal purchase price Total Checkouts Full call number Date last seen Copy number Koha item type
  Dewey Decimal Classification   Not For Loan Non-fiction Central Library, University of Rajshahi Central Library, University of Rajshahi Reading Room 19/12/1963 Zeitlinger 60.00   530.13 INT 1961 24/05/2017 C-1 Books